Seinfeld Nicknames II Quiz Stats

 Plays Quiz Updated Jul 16, 2019

Score 0/20 Timer 08:00
1 Play Today
Scenario Nickname % Correct
Knowing only that his girlfriend's name rhymed with a female body part, this was Jerry's incorrect guess causing her to leave the apartmentMulva
87.3%
The name of Kramer's roosterLittle Jerry Seinfeld
81.1%
Bob Cobb insisted on being called this, despite conducting the Policeman's Benevolent Association OrchestraThe Maestro
80.5%
This friend of Elaine's and briefly a Jerry girlfriend could crack open a lobster with her bare hands and could open a beer bottle that's 'not a twist off'Man hands
80.3%
Jerry's one-time stalker and Elaine's one-time boyfriend, last name Davola, was given this nicknameCrazy Joe Davola
68.6%
The name of Kramer's home-made statuette of JerryFusilli Jerry
60.5%
Bob Cobb's favorite of the three tenors was Jose Carreras, but to Jerry and friends, he was referred to as...The Other Guy
54.6%
Kramer's rotund friend, and snow ball target, had the last name Romanowski but was usually referred to by these initialsFDR
49.7%
Kramer had to give the skin cancer screening because Jerry had called his girlfriend, Dr. Sara Sitarides, by this unkind nicknamePimple-popper, M.D.
48.7%
This was the nickname Jerry had for his favorite shirt, before it finally fell apart to be replaced by Baby BlueGolden Boy
40.5%
Scenario Nickname % Correct
While sabotaging Putumayo, Kramer posed as this 'wealthy American Industrialist' who was looking to open a silver mine in PeruH.E. Pennypacker
39.9%
In order to ingratiate himself to his African American boss, George pretended to be best friends with a black bug-control guy who he claimed had this nickname as a linebackerThe Exterminator
33.3%
George earned this nickname from Yankees fans after trying (and failing) to get fired by sort-of streaking at a ball gameBody Suit Man
32.9%
Name any one of the first names Joel Rifkin proposed using (all of which Elaine rejected)Stuart, Todd, Alex
31.4%
Despite his objections, Jerry and Kramer (and Keith Hernandez) called George this after his performance in a pick up basketball gameThe Chucker
30.6%
The nickname of the appliance store owner whose nickname might be ironic, considering he injured his leg in the warLeapin' Larry
29.8%
Name any one of the first names Elaine suggested her boyfrield Joel Rifkin assume to avoid having the same name as a serial killerDeion, O.J., Ned, Ellis, Remy
27.2%
And while giving Kruger a skin cancer screening, Kramer adopted this pseudonymDr. Martin Van Nostrand
25.1%
The nickname of Elaine and Holly's Grandma - the one who gave to Holly the nice table napkinsGrandma Mimma
21.1%
Jerry took this pseudonym during the Puerto-Rican day parade to catch up on the Mets game in a stranger's apartmentKal Varnsen
11.3%

You're not logged in!

Compare scores with friends on all Sporcle quizzes.
OR
Log In

Sporcle TV

Today on Sporcle TV


Watch our educational content, quiz creation guides, and fun videos on Sporcle TV.

Show Comments

Extras

Top Quizzes Today


Score Distribution

Your Account Isn't Verified!

In order to create a playlist on Sporcle, you need to verify the email address you used during registration. Go to your Sporcle Settings to finish the process.

Report this User

Report this user for behavior that violates our Community Guidelines.

Details: